00369nam a22001097a 4500022001500000082002100015100001800036245011100054260004100165300001600206526003700222 a0821327534 a363.7392bBATcD aRobin Bates., aAlternative polices for the control of air pollution in poland/cRobin Bates, Janusz Cofala. Michael Toman aWashington:bThe World Bank,cc1994. aix, 73 p. : a0b0c0d363_739200000000000_BAT